صالح الأطيوش : (Record no. 13885)

MARC details
000 -الفاتح
حقل البيانات ثابتة الطول 01126nam a2200277 i 4500
003 - محدد رقم الضبط
رقم الضبط EG-ScBUE
005 - وقت وتاريخ اخر تعامل مع التسجيلة
رقم الضبط 20240813124542.0
008 - عناصر البيانات ثابتة الطول - معلومات عامة
حقل البيانات ثابتة الطول 100414s1983 xx f b 000 0bara d
040 ## - مصدر الفهرسة
وكالة الفهرسة الأصلية EG-ScBUE
لغة الفهرسة ara
قواعد الوصف rda
وكالة النسخ EG-ScBUE
وكالة التعديل EG-ScBUE
043 ## - رمز المنطقة الجغرافية
رمز المنطقة الجغرافية f-iy---
082 04 - رقم تصنيف ديوى العشرى
رقم الطبعة 22
رقم التصنيف 961.203
رقم المادة م ن ا
100 1# - المدخل الرئيسى - إسم شخصى
9 (RLIN) 13496
الإسم الشخصى مناع، محمد عبد الرازق،
الدور مؤلف.
245 10 - بيان العنوان
العنوان صالح الأطيوش :
بقية العنوان حياته وجهاده /
بيان المسئوليه,etc محمد عبد الرازق مناع.
250 ## - بيان الطبعة
بيان الطبعة الطبعة الأولى.
264 #1 - النشر، التوزيع
مكان الناشر او الموزع [مكان النشر غير محدد] :
اسم الناشر او الموزع [اسم الناشر غير محدد]،
تاريخ النشر أو التوزيع 1983.
300 ## - الوصف المادى
التعداد 221 صفحة ؛
أبعاد الوعاء 21 سم.
336 ## - نوع المحتوى
source rdacontent
Carrier Type Term نص
Content Type Code txt
337 ## - نوع الوسيط
Media Type Term بدون وسيط
source rdamedia
Media Type Code n
338 ## - نوع الحامل أو الناقل
Carrier Type Term مجلد
Carrier Type Code nc
source rdacarrier
490 0# - بيان السلسلة
عنوان السلسلة من البطولات العربية الخالدة
504 ## - تبصرة ببليوجرافية
تبصرة ببليوجرافية,الخ يشتمل على إرجاعات ببليوجرافية.
600 17 - المدخل الاضافى بالموضوع-اسم شخصى
9 (RLIN) 13498
الإسم الشخصى أطيوش، صالح،
التواريخ المصاحبة للاسم 1878 - 1948.
مصدر الرأس أو المصطلح BUEsh
651 #7 - المدخل الاضافى بالموضوع - اسم جغرافى
9 (RLIN) 13497
الاسم الجغرافي ليبيا
التقسيم الفرعي العام تاريخ
التقسيم الفرعي الزمني العصر الحديث 1912-1951.
مصدر الرأس أو المصطلح BUEsh
655 ## - مصطلح تكشيفى-نوع/شكل
التقسيم الفرعي الشكلي Reading book
942 ## - عناصر المدخل الإضافي( كوها)
مصدر التصنيف او مخطط الترفيف Dewey Decimal Classification
Koha [default] item type Book - Borrowing
Holdings
حالة التراجع حالة الفقد مصدر التصنيف او خطة الترفيف حالة تلف ليس للاعارة مجموعات كوها المكان الدائم المكان الحالي موقع الترفيف تاريخ الاكتساب Source of acquisition رقم الاستدعاء الباركود Date last seen نوع الوعاء
    Dewey Decimal Classification     Alef-Baa Central Library Central Library Second Floor 14/04/2010 Purchase 961.203 م ن ا 000020664 15/07/2025 Book - Borrowing